00470nam a2200193 a 4500001001300000003000900013005001700022008004100039020000800080082001900088100002200107245001900129260003600148300000900184500003500193505001000228650001600238700002200254nice12345678IN_TiNIC20260116011804.0050524s1947 agra grp 000 0 urd  ac300a891.4391bSIM2 aSimab, Akberabadi aSher-E-Inqilab aAgrabMaktaba Qisrul Adabc1947 a176p aincludes index and biblioraphy2 aNotes aUrdu-Poetry1 aSimab, Akberabadi